000 01241cam a22002651 4500
999 _c93420
_d93420
001 5919923
003 ARRUPE
005 20170927125154.0
008 760220m1922 enkabf 001 0 eng
010 _a 24006018
035 _a(OCoLC)2003464
040 _aDLC
_cTxComS
_dOCoLC
_dDLC
042 _apremarc
050 0 0 _aGN315
_b.P4
245 0 0 _aPeoples of all nations;
_btheir life to-day and the story of their past,
_cby our foremost writers of travel, anthropology & history. Illustrated with upwards of 5000 photography, numerous colour plates, and 150 maps. Edited by J. A. Hammerton.
260 _aLondon,
_bThe Fleetway House
_c[1922-24]
300 _a7 v.
_billus., col. plates, maps.
_c25 cm.
500 _aPaged continuously.
500 _aIssued in 49 fortnightly parts.
505 0 _av. 1. Abyssinia-British empire: America.--v. 2 British empire: Asia-Dahomey.--v. 3. Danzig-France.--v. 4. Georgia-Italy.--v. 5. Japan-Oman.--v. 6. Palestine-Sin-kiang.--v. 7. South Africa-Wales. Maps & indexes.
650 0 _aEthnology.
_9128
700 1 _aHammerton, Sir John Alexander,
_d1871-1949,
_eed.
_936449
906 _a7
_bcbc
_coclcrpl
_du
_encip
_f19
_gy-gencatlg
942 _2lcc
_cMONOGRAPH